Les arrêts du tram 55 à Bruxelles - Statistiques

Statistiques générales
  • Ce quiz a été pris 10 fois
  • Le résultat moyen est 14 sur 16
Statistiques - réponses
commune arrêt % Correct
Evere Bordet Station
100%
Schaerbeek Gare du Nord
100%
Schaerbeek Helmet
100%
Evere Paix
100%
Saint Josse Ten Noode Rogier
100%
Schaerbeek Foyer Schaerbeekois
88%
Schaerbeek Gallait
88%
Schaerbeek Liedts
88%
Schaerbeek Pavillon
88%
Schaerbeek Thomas
88%
Schaerbeek/Evere Tilleul
88%
Schaerbeek Verboekhoven
88%
Evere Da Vinci
75%
Evere Fonson
63%
Schaerbeek Waelhem
63%
Evere Van Cutsem
50%
Aucun quiz correspondant
Distribution des résultats
% des personnes avec chaque résultat
Percentile par nombre de réponses
Votre historique - résultats
Vous n’avez pas pris ce quiz